000 00338nam a2200145Ia 4500
008 150201s2003 xx 000 0 und d
082 _a617.96
_bP03H
100 _aHEALY, THOMAS
245 _aPRACTICE OF ANESTHESIA
250 _a7TH
260 _bARNOLD
_aLONDON
_c2003
300 _a1-1435
650 _aANAESTHESIOLOGY
942 _2ddc
_cBK
999 _c256
_d256